000 00646nam a2200253Ia 4500
003 OSt
005 20221005124433.0
006 a|||||r|||| 00| 0
007 ta
008 221004b |||||||| |||| 00| 0 tam d
024 _a48754
037 _cTextual
040 _aCRL
_cCRL
_btam
041 _2tam
_atam
082 _aO31,1M83,6, J4
100 _aSundharanar Kalyana Au.
_9635241
245 0 _aMurvgan arulvettal
260 _c1955
300 _a48p.
_ccm.
650 _a TAMIL POETRY
650 _aTAMIL LITERATURE
942 _hO31,1M83,6, J4
_cTEXL
_2cc
999 _c1050483
_d1050483